Sports Quiz

Random Sports or Auto Racing Quiz
Score 0/41 Timer 10:00
0 Plays Today
Hint Answer % Correct
Austrian drivers who have scored pointsGerhard Berger
87.4%
Austrian drivers who have scored pointsNiki Lauda
83%
JJ Lehto team-matesMichael Schumacher
76.3%
Austrian drivers who have scored pointsAlexander Wurz
74.8%
March/Leyton House drivers (1987-1992)Ivan Capelli
68.1%
Best result of 4th (drivers debuting 1991 or later)Nico Hülkenberg
65.2%
Austrian drivers who have scored pointsJochen Rindt
64.4%
Austrian drivers who have scored pointsChristian Klien
57.8%
March/Leyton House drivers (1987-1992)Mauricio Gugelmin
56.3%
JJ Lehto team-matesJos Verstappen
50.4%
First Grand Prix at SuzukaAguri Suzuki
43.7%
First Grand Prix at SuzukaEddie Irvine
43.7%
First Grand Prix at SuzukaToshio Suzuki
43.7%
JJ Lehto team-matesHeinz-Harald Frentzen
42.2%
JJ Lehto team-matesPierluigi Martini
34.1%
First Grand Prix at SuzukaMika Salo
33.3%
Best result of 4th (drivers debuting 1991 or later)Adrian Sutil
32.6%
Austrian drivers who have scored pointsPatrick Friesacher
30.4%
First Grand Prix at SuzukaRoberto Moreno
27.4%
March/Leyton House drivers (1987-1992)Paul Belmondo
25.9%
First points scored at MontrealBertrand Gachot
25.9%
Hint Answer % Correct
JJ Lehto team-matesStefan Johansson
25.2%
First Grand Prix at SuzukaTaki Inoue
23.7%
First points scored at MontrealLance Stroll
23%
First points scored at MontrealTimo Glock
21.5%
Best result of 4th (drivers debuting 1991 or later)Narain Karthikeyan
20.7%
Best result of 4th (drivers debuting 1991 or later)Paul di Resta
20.7%
JJ Lehto team-matesEmanuele Pirro
20%
Best result of 4th (drivers debuting 1991 or later)Christian Fittipaldi
18.5%
March/Leyton House drivers (1987-1992)Jan Lammers
17.8%
First points scored at MontrealShinji Nakano
17%
First points scored at MontrealErik Comas
15.6%
First points scored at MontrealDavid Coulthard
15.6%
First points scored at MontrealJan Magnussen
14.8%
March/Leyton House drivers (1987-1992)Emanuele Naspetti
14.1%
JJ Lehto team-matesGregor Foitek
11.9%
Best result of 4th (drivers debuting 1991 or later)Alexander Albon
9.8%
First Grand Prix at SuzukaJean-Marc Gounon
8.1%
First Grand Prix at SuzukaFranck Lagorce
7.4%
First points scored at MontrealDerek Daly
3.7%
First Grand Prix at SuzukaPaolo Barilla
2.2%
Remove Ads.
Support Sporcle.
Get the best of Sporcle when you Go Orange. This ad-free experience offers more features, more stats, and more fun while also helping to support Sporcle. Thank you for becoming a member.

You're not logged in!

Compare scores with friends on all Sporcle quizzes.
OR
Log In

Show Comments

Extras

Top Quizzes Today


Score Distribution

Your Account Isn't Verified!

In order to create a playlist on Sporcle, you need to verify the email address you used during registration. Go to your Sporcle Settings to finish the process.

Report this User

Report this user for behavior that violates our Community Guidelines.

Details: